00257nam a2200109Ia 4500008004100000100001800041245003500059260000900094650001700103942001200120999001500132150531s2010 xx 000 0 und d aSHARMA ,SWATI aPERIODONTAL PLASTIC PROCEDURES c2010 aPERIODONTICS 2ddccTH c7409d7409